| 000 | 00761cam a22002174a 4500 | ||
|---|---|---|---|
| 001 | 13516006 | ||
| 005 | 20120927172640.0 | ||
| 008 | 040309s2005 nyua b 001 0 eng | ||
| 010 | _a 2004004456 | ||
| 020 | _a0071432175 (hardcover : alk. paper) | ||
| 082 | 0 | 0 |
_a658.7 _222 _bCOH |
| 100 | 1 |
_aCohen, Shoshanah. _931007 |
|
| 245 | 1 | 0 |
_aStrategic Supply Chain Management : _bthe Five Disciplines for Top Performance / _cShoshanah Cohen, Joseph Roussel. |
| 260 |
_aNew York : _bMcGraw-Hill, _cc2005. |
||
| 300 |
_axix, 216 p. : _bill. ; _c24 cm. |
||
| 504 | _aIncludes bibliographical references (p. 301-305) and index. | ||
| 650 | 0 |
_aBusiness logistics. _931008 |
|
| 653 |
_bBus _cSeptember2012 |
||
| 700 | 1 |
_aRoussel, Joseph, _d1962- _931009 |
|
| 942 |
_2ddc _cBB |
||
| 999 |
_c17040 _d17012 |
||